|
|
|
|
| LEADER |
00000cam a2200000 7i4500 |
| 001 |
0000086444 |
| 005 |
20211215.0 |
| 008 |
210228 |
| 020 |
|
|
|a 9789672254041 (Set)
|
| 020 |
|
|
|a 9789672254096
|
| 041 |
0 |
|
|a Malay
|
| 090 |
0 |
0 |
|a SC
|b MAL
|
| 100 |
0 |
|
|a Azian Mohamad Noor
|
| 245 |
1 |
0 |
|a Melawat gunung berapi bersama Ahli Vulkanologi
|c Azian Mohamad Noor
|
| 260 |
|
|
|a Selangor :
|b Penerbit Prisma Sdn Bhd ,
|c 2019
|
| 300 |
|
|
|a 54 p. :
|b ill. ;
|c 21.5 cm.
|
| 490 |
0 |
|
|a Sainspirasi : Ahli Sains di tempat kerja
|
| 500 |
|
|
|a Children ages 10-12 years old (pink)
|
| 541 |
0 |
0 |
|c Purchased on 2020
|f 2010 ZAR
|h RM28.20
|
| 650 |
|
0 |
|a Scientist
|x Juvenile literature
|
| 650 |
|
0 |
|a Volcanologists
|x Juvenile literature
|
| 999 |
|
|
|a 0001653979
|b Book
|c Children Collection
|e Cawangan Bandar Tenggara
|
| 999 |
|
|
|a 0001653980
|b Book
|c Children Collection
|e Cawangan Tangkak
|
| 999 |
|
|
|a 0001653982
|b Book
|c Children Collection
|e Cawangan Tmn. Ungku Tun Aminah
|
| 999 |
|
|
|a 0001653983
|b Book
|c Children Collection
|e Cawangan Bandar Penawar
|
| 999 |
|
|
|a 0001653984
|b Book
|c Children Collection
|e Cawangan Muar
|
| 999 |
|
|
|a 0001653985
|b Book
|c Children Collection
|e Cawangan Segamat
|
| 999 |
|
|
|a 0001653986
|b Book
|c Children Collection
|e Cawangan Taman Universiti
|
| 999 |
|
|
|a 0001653987
|b Book
|c Children Collection
|e Cawangan Taman Sri Lambak
|
| 999 |
|
|
|a 0001653988
|b Book
|c Children Collection
|e Cawangan Pontian
|
| 999 |
|
|
|a 0001653989
|b Book
|c Children Collection
|e Cawangan Kota Tinggi
|
| 999 |
|
|
|a 0001653990
|b Book
|c Children Collection
|e Cawangan Mersing
|
| 999 |
|
|
|a 0001653991
|b Book
|c Children Collection
|e Cawangan Bukit Gambir
|
| 999 |
|
|
|a 0001653992
|b Book
|c Children Collection
|e Cawangan Batu Pahat
|
| 999 |
|
|
|a 0001655246
|b Book
|c Children Collection
|e Perbadanan Perpustakaan Awam Johor
|
| 999 |
|
|
|a 0001655247
|b Book
|c Children Collection
|e Cawangan Urban Transformation Centre
|
| 999 |
|
|
|a 0001655248
|b Book
|c Children Collection
|e Cawangan AEON Kulaijaya
|